Normal view
MARC view
Entry Personal Name
001 - CONTROL NUMBER
- control field: 387
003 - CONTROL NUMBER IDENTIFIER
- control field: csc
005 - DATE AND TIME OF LATEST TRANSACTION
- control field: 20140507162050.0
008 - FIXED-LENGTH DATA ELEMENTS
- fixed length control field: 110905|| aca||aabn | a|a d
040 ## - CATALOGING SOURCE
- Original cataloging agency: csc
100 ## - HEADING--PERSONAL NAME
- Personal name: Fine, Reuben.
- Dates associated with a name: 1914-1993